006910000a22001810004500090001400000245006700014500003900081650002400120650002000144650002900164650003500193041001300228100002800241942001300269773005500282999001700337952015500354 aARb0385110aSaltarial orthoptera from South Almerica and the isle of Pines a14aEntomología9448314aInsectos99262214aTaxonomía animal9824514aInventarios de insectos9932730 aInglés1 aBruner, Lawrence996689 cARTICULO1 tAnnals of the Carnegie Museumh1-2q5-91d1919g13 c12886d12886 001040718HEMEROTECAaBogotabBogotad2015-02-27hFuera de circulaciónl0oAR 03851p014326r2015-03-25 00:00:00w2015-03-25xDonaciónyARTICULO